[Event "FSGM October"]
[Site "Budapest HUN"]
[Date "2005.10.02"]
[Round "2"]
[White "Radziewicz,I"]
[Black "Le Quang Liem"]
[Result "1/2-1/2"]
[WhiteElo "2453"]
[BlackElo "2386"]

1.Nf3 d5 2.c4 c6 3.e3 Nf6 4.Nc3 a6 5.d4 b5 6.b3 Bg4 7.Be2 Nbd7 8.h3 Bh5 9.g4 Bg6
10.Ne5 Qc7 11.Nxg6 hxg6 12.a3 e6 13.Bd2 Be7 14.Bf3 g5 15.Qe2 bxc4 16.bxc4 Rb8
17.Bg2 dxc4 18.Qxc4 c5 19.Qxa6 O-O 20.Nb5 Qb6 21.Qxb6 Nxb6 22.Na7 Bd6 23.Nc6 Rbc8
24.dxc5 Bxc5 25.Bb4 Bxb4+ 26.axb4 Nfd5 27.b5 Rc7 28.h4 gxh4 29.Rxh4 Nc3 30.Bf1 f6
31.Bd3 Rd7 32.Bg6 Ra8 33.Rxa8+ Nxa8 34.Bh7+ Kf7 35.Bc2 Nxb5 36.g5 Kg8 37.Rb4 Nac7
38.g6 Kf8 39.Ba4 Rd5 40.Rh4 Ke8 41.Rh8+ Kd7 42.Nd4 Ke7 43.Nxb5 Nxb5 44.Rg8 Nd6
45.Rxg7+ Kf8 46.Rd7 Ne4 47.Rf7+ Kg8 48.Bc2 Nxf2 49.Rxf6 Nd3+ 50.Ke2 Nc5 51.Rf7 Rd7
52.Rf4 Kg7 53.Rh4 Kf6 54.Rf4+ Kg7 55.Rc4 Nb7 56.Rc6 Kf6 57.Kf3 Nd6 58.Kg4 Ne8
59.Rb6 Rd2 60.Be4 Nd6 61.Bb1 Nc4 62.Ra6 Ne5+ 63.Kf4 Rf2+ 64.Kg3 Rf3+ 65.Kg2 Rxe3  1/2-1/2

[Event "Open A"]
[Site "Hamburg GER"]
[Date "2005.10.02"]
[Round "2"]
[White "Halkias,S"]
[Black "Zieher,H"]
[Result "1-0"]
[WhiteElo "2540"]
[BlackElo "2217"]

1.Nf3 d5 2.c4 dxc4 3.e3 Nf6 4.Bxc4 e6 5.O-O a6 6.a3 c5 7.d4 b5 8.Ba2 Bb7
9.Nc3 Nc6 10.d5 exd5 11.Nxd5 c4 12.e4 Nxe4 13.Bf4 Bd6 14.Re1 f5 15.b3 Bxf4
16.Nxf4 Na5 17.bxc4 Nxc4 18.Qb1 Rc8 19.Ne6 Qf6 20.Bxc4 bxc4 21.Nfg5 h6 22.Nxe4 fxe4
23.Nc5 O-O 24.Qc2 Bd5 25.Nd7 Qg5 26.Nxf8 Rxf8 27.Re3 Qe5 28.Rd1 Rb8 29.Qa4 c3
30.Rc1 Rb2 31.Qa5 Qf5 32.Rf1 c2 33.Qc3 Ra2 34.h3 Qf7 35.Rc1 Bb3 36.Qxb3  1-0

[Event "Belgrade Premier League"]
[Site "Belgrade SCG"]
[Date "2005.10.03"]
[Round "3"]
[White "Kocic,S"]
[Black "Jelic,G"]
[Result "0-1"]
[WhiteElo "2257"]
[BlackElo "2223"]

1.Nf3 d5 2.c4 c6 3.b3 Bg4 4.Bb2 Bxf3 5.gxf3 Nf6 6.e3 g6 7.f4 Bg7 8.d3 O-O
9.Nd2 Nbd7 10.Qc2 b5 11.Be2 Rc8 12.Nf3 e6 13.O-O Re8 14.Rfc1 bxc4 15.bxc4 Rb8
16.Rab1 Qa5 17.Bc3 Qa6 18.Ne5 Rxb1 19.Rxb1 Nxe5 20.fxe5 Nd7 21.cxd5 cxd5
22.d4 Qc6 23.Bb5 Qc7 24.Qd3 Rc8 25.Bd2 Bf8 26.Ba6 Rb8 27.Rc1 Qd8 28.Bb5 Rc8
29.Rxc8 Qxc8 30.Kf1 Nb6 31.Ke2 Be7 32.Qb3 f6 33.exf6 Bxf6 34.a4 Qc7 35.a5 Nc4
36.Qc2 Bd8 37.Bxc4 dxc4 38.a6 Qc6 39.Qa2 c3 40.Bc1 Qb5+ 41.Ke1 Kf7 42.Qe2 Qc6
43.e4 c2 44.Qd3 Bb6 45.Ke2 Ke8 46.f4 Kd8 47.Ke3 Kc7 48.Qb3 Kd7 49.Kd3 Qd6
50.Qa4+ Qc6 51.Qb3 Bc7 52.Qxc2 Qxa6+ 53.Qc4 Qa5 54.d5 exd5 55.exd5 Qb6 56.Be3 Qb1+
57.Ke2 Qb2+ 58.Bd2  0-1

[Event "Lichtenrader Autumn"]
[Site "Berlin GER"]
[Date "2005.10.03"]
[Round "3"]
[White "Moehring,G"]
[Black "Giemsa,S"]
[Result "0-1"]
[WhiteElo "2308"]
[BlackElo "2306"]

1.Nf3 d5 2.c4 e6 3.b3 c5 4.g3 Nc6 5.Bg2 Be7 6.Bb2 Nf6 7.cxd5 exd5 8.O-O Bg4
9.d4 O-O 10.dxc5 Bxc5 11.Nc3 a6 12.Rc1 Ba7 13.Na4 Ne4 14.Nd4 Rc8 15.Nxc6 bxc6
16.Qd3 Qe7 17.e3 Bf5 18.Qxa6 Nxf2 19.Rxf2 Qxe3 20.Qf1 Rfe8 21.Bc3 Bd3 22.Qe1 Qg5
23.Qd2 Bxf2+ 24.Kxf2 Re2+ 25.Qxe2 Bxe2  0-1

[Event "Vojvodina Quality League"]
[Site "Pancevo SCG"]
[Date "2005.10.03"]
[Round "1"]
[White "Lalic,D"]
[Black "D'Innocente,S"]
[Result "1/2-1/2"]
[WhiteElo "2364"]
[BlackElo "2262"]

1.Nf3 d5 2.c4 c6 3.g3 Nf6 4.Bg2 e6 5.b3 Nbd7 6.Bb2 Be7 7.O-O O-O 8.d3 b6
9.Qc2 Bb7 10.e4 Rc8 11.Re1 c5 12.Nbd2 a6 13.Nf1 d4 14.Bc1 Qc7 15.Qe2 e5 16.Nh4 g6
17.Bh6 Rfe8 18.Bh3 Rcd8 19.Ng2 Bf8 20.Bg5 Bg7 21.Qd2 Bc8 22.f4 h6 23.Bxf6 Nxf6
24.Bxc8 Rxc8 25.h3 h5 26.Qf2 Bh6 27.Qf3 Kg7 28.f5 Qd6 29.g4 hxg4 30.hxg4 Rh8
31.Ng3 Bg5 32.Kf2 Rh7 33.Rh1 Rch8 34.Rxh7+ Rxh7 35.Rh1 Rxh1 36.Nxh1 b5 37.Kg3 bxc4
38.bxc4 Qb6 39.Nf2 Qb2 40.Nh3 Qd2 41.fxg6 fxg6 42.Nxg5 Qxg5 43.Kh3 Qc1 44.Nh4 Nh7
45.Qe2 Ng5+ 46.Kh2 Ne6 47.Ng2 Qh6+ 48.Kg3 Nf4 49.Nxf4 Qxf4+  1/2-1/2

[Event "Vojvodina Quality League"]
[Site "Pancevo SCG"]
[Date "2005.10.03"]
[Round "1"]
[White "Kapelan,M"]
[Black "Mihalj,M"]
[Result "1/2-1/2"]
[WhiteElo "2323"]
[BlackElo "2313"]

1.Nf3 d5 2.c4 c6 3.b3 Bg4 4.Bb2 Nd7 5.d4 e6 6.e3 Ngf6 7.Be2 Bb4+ 8.Nfd2 Bxe2
9.Qxe2 Ne4 10.O-O Nxd2 11.Nxd2 O-O 12.a3 Bxd2 13.Qxd2 f5  1/2-1/2

[Event "Vojvodina Quality League"]
[Site "Pancevo SCG"]
[Date "2005.10.05"]
[Round "4"]
[White "Kapelan,M"]
[Black "Lalic,D"]
[Result "0-1"]
[WhiteElo "2323"]
[BlackElo "2364"]

1.Nf3 d5 2.c4 c6 3.cxd5 cxd5 4.d4 Nc6 5.Nc3 Nf6 6.Bf4 Bf5 7.e3 e6 8.Bd3 Bg6
9.O-O Bd6 10.Bxd6 Qxd6 11.Rc1 O-O 12.Bxg6 hxg6 13.Qe2 Rac8 14.h3 Nd7 15.Rfd1 a6
16.e4 b5 17.e5 Qe7 18.Qe3 Rc7 19.Ne2 Rfc8 20.Qf4 Nf8 21.a3 Na5 22.Rxc7 Rxc7
23.b4 Nc4 24.Ra1 a5 25.bxa5 Ra7 26.Nc3 Rxa5 27.a4 Qa7 28.Ng5 b4 29.Nd1 Qe7
30.Kh2 Ra7 31.Ne3 b3 32.Rb1 Qa3 33.Ng4 b2 34.Nf3 Qd3 35.Nf6+ gxf6 36.exf6 Qf5
37.Qb8 Qxb1 38.Ng5 Qf5  0-1

[Event "Belgrade Premier League"]
[Site "Belgrade SCG"]
[Date "2005.10.07"]
[Round "5"]
[White "Krnic,Z"]
[Black "Pjevovic,B"]
[Result "0-1"]
[WhiteElo "2369"]
[BlackElo "2265"]

1.Nf3 d5 2.c4 e6 3.b3 Nf6 4.g3 Be7 5.Bg2 O-O 6.O-O c5 7.Bb2 Nc6 8.cxd5 exd5
9.d4 Ne4 10.dxc5 Bxc5 11.Nc3 Nxc3 12.Bxc3 d4 13.Bb2 Re8 14.Rc1 Qb6 15.Qc2 Be7
16.Rfd1 Bf6 17.Rd2 Be6 18.h4 Rad8 19.Ng5 d3 20.Qb1 Bxb2 21.Qxb2 Nd4 22.exd3 Bd5
23.Bxd5 Rxd5 24.Kg2 Qf6 25.f4 Qg6 26.Rf2 f6 27.h5 Qxh5 28.Ne4 Nf5 29.Qe2 Qg6
30.Rc7 Nxg3 31.Nxg3 Rxd3 32.Qxe8+ Qxe8 33.Rfc2 Qe1 34.Rf2 h5 35.Rf3 Rd2+
36.Kh3 Qg1  0-1

[Event "Belgrade Premier League"]
[Site "Belgrade SCG"]
[Date "2005.10.07"]
[Round "7"]
[White "Krnic,Z"]
[Black "Vasiljevic,D"]
[Result "1-0"]
[WhiteElo "2369"]
[BlackElo "2302"]

1.Nf3 d5 2.c4 e6 3.b3 Nf6 4.g3 Bd6 5.Bb2 O-O 6.Bg2 Nbd7 7.O-O c6 8.d4 b6
9.Nc3 Bb7 10.Qc2 Rc8 11.e4 Nxe4 12.Nxe4 dxe4 13.Qxe4 Ba8 14.Rad1 Qe7 15.Rfe1 Nf6
16.Qc2 h6 17.Ne5 Rfd8 18.f4 Qc7 19.f5 exf5 20.Qxf5 Bf8 21.Bh3 Re8 22.Bc1 Rcd8
23.Bf4 Qe7 24.Kf1 Qa3 25.Qc2 c5 26.d5 b5 27.Nc6 Rxe1+ 28.Rxe1 Re8 29.Rxe8 Nxe8
30.cxb5 c4 31.Bg2 c3 32.Bc1 Qc5 33.a4 Nf6 34.Qf2 Qd6 35.Qd4 Nd7 36.Qxc3 Nb6
37.Qd4 Nd7 38.Qc3 Nb6 39.Qd4 Nd7 40.Be4 Nc5 41.Bf4 Qd7 42.Bc2 Qh3+ 43.Kg1 Nd7
44.b4 Nf6 45.Bd1 Qd7 46.Bf3 a6 47.Nb8 Qf5 48.Nc6 Qb1+ 49.Kg2 Qc2+ 50.Qd2 Qxa4
51.d6 axb5 52.d7 Nxd7 53.Qxd7 Bxc6 54.Bxc6 Qxb4 55.Bxb5 Qb2+ 56.Kh3 Qb4 57.Bd2  1-0

[Event "Open A"]
[Site "Hamburg GER"]
[Date "2005.10.07"]
[Round "7"]
[White "Richter,Ch"]
[Black "Hein,A"]
[Result "1-0"]
[WhiteElo "2435"]
[BlackElo "2247"]

1.Nf3 d5 2.c4 c6 3.e3 Nf6 4.Nc3 e6 5.b3 Be7 6.d4 Nbd7 7.Bd3 Bb4 8.Bd2 O-O
9.O-O Qe7 10.Qc2 e5 11.dxe5 Nxe5 12.Nxe5 Qxe5 13.cxd5 cxd5 14.Ne2 Bd6 15.Ng3 h6
16.Bc3 Qe7 17.Qb2 Ne8 18.Rad1 Bxg3 19.hxg3 Be6 20.Qd2 Nd6 21.Bb1 Rac8 22.Qd4 f6
23.Bb4 Rfd8 24.Qxa7 Qf7 25.Qb6 Rd7 26.Rc1 Rcd8 27.Rfd1 Ne4 28.Bd3 Nd6 29.Rd2 Bf5
30.Bxf5 Nxf5 31.Rcd1 Ne7 32.Bxe7 Qxe7 33.Rd4 Rd6 34.Qb5 Qd7 35.Qxd7 R8xd7
36.e4 Ra6 37.a4 Kf7 38.Rxd5 Rxd5 39.Rxd5 Rb6 40.Rb5 Rxb5 41.axb5 Ke6 42.f4 Kd6
43.b4 Kc7 44.Kf2  1-0

[Event "2nd Bundesliga West 2005-6"]
[Site "Austria AUT"]
[Date "2005.10.09"]
[Round "2"]
[White "Juergens,Kl"]
[Black "Kanonier,C"]
[Result "1/2-1/2"]
[WhiteElo "2183"]
[BlackElo "2100"]

1.Nf3 d5 2.c4 c6 3.g3 Nf6 4.Bg2 g6 5.d4 Bg7 6.cxd5 cxd5 7.Ne5 O-O 8.Nc3 Nc6
9.Nxc6 bxc6 10.O-O e5 11.dxe5 Ng4 12.b3 Ba6 13.Bb2 Nxe5 14.Rc1 Re8 15.Na4 Bb5
16.Nc3 Ba6 17.Qd2 Nd7 18.Rfe1 Rc8 19.Na4 Bxb2 20.Qxb2 Qf6 21.Qxf6 Nxf6 22.Rc2 Bd3
23.Rd2 Be4 24.Bh3 Rcd8 25.Rc1 Rd6 26.Nc5 Bf5 27.Bxf5 gxf5 28.f3 f4 29.gxf4 Kh8
30.Kf2 Nh5 31.e3 Rh6 32.Rg1 Ng7 33.Rg2 Nf5 34.e4 Nh4 35.Rg3 Ng6 36.Ke3 f5
37.e5 Rh4 38.Nd3 c5 39.Nxc5 Nxf4 40.Nd7 Ng6 41.Rgg2 Nxe5 42.Nxe5 Rxe5+ 43.Kd3 Rf4
44.Rg3 h5 45.Rdg2 Re7 46.Rh3 h4 47.Rg5 a5 48.Rh5+ Rh7 49.Ke3 Rxf3+ 50.Kxf3 Rxh5
51.Kf4 a4 52.bxa4 Kg7 53.Rd3 h3 54.Ra3 Kf6 55.a5 Rh4+ 56.Kf3 Ke5 57.a6 Rh8
58.a7 Ra8 59.Ra4 f4 60.a3 Kd6 61.Kxf4 Kc6 62.Kg3 Kb5 63.Rb4+ Kc6 64.Kxh3 Rxa7
65.Rb3 Kc5 66.Kg2 Kc4 67.Rg3 d4 68.Kf2 d3 69.Ke1 Rxa3 70.Rg8 Ra1+ 71.Kd2 Ra2+
72.Kd1 Rxh2  1/2-1/2

[Event "Lichtenrader Autumn"]
[Site "Berlin GER"]
[Date "2005.10.09"]
[Round "9"]
[White "Moehring,G"]
[Black "Trebbin,W"]
[Result "1-0"]
[WhiteElo "2308"]
[BlackElo "2114"]

1.Nf3 d5 2.c4 c6 3.d4 Nf6 4.e3 e6 5.Nbd2 b6 6.Bd3 Nbd7 7.O-O Bb7 8.b3 Bd6
9.Bb2 O-O 10.Ne5 c5 11.Nxd7 Nxd7 12.Qh5 g6 13.Qe2 cxd4 14.exd4 Nf6 15.Rac1 Rc8
16.g3 Qe7 17.Rc2 dxc4 18.bxc4 h5 19.Rfc1 h4 20.c5 hxg3 21.hxg3 Bb8 22.c6 Ba8
23.Ba6 Rc7 24.Nc4 Rd8 25.Ba3  1-0

[Event "Open A"]
[Site "Hamburg GER"]
[Date "2005.10.09"]
[Round "9"]
[White "Miroshnichenko,E"]
[Black "Zaragatski,I"]
[Result "0-1"]
[WhiteElo "2634"]
[BlackElo "2376"]

1.Nf3 d5 2.c4 dxc4 3.Na3 g6 4.Nxc4 Bg7 5.g3 Nc6 6.Bg2 e5 7.d3 Nge7 8.O-O O-O
9.Rb1 Nd5 10.Bd2 Re8 11.b4 Nd4 12.Na5 a6 13.Re1 c6 14.a3 Re7 15.Rc1 Bg4 16.Ng5 h6
17.Ne4 f5 18.Nc5 b6 19.Nxc6 Nxc6 20.Qb3 e4 21.Nxe4 fxe4 22.Rxc6 Kh7 23.dxe4 Nf6
24.Bc3 Rc8 25.Rxc8 Qxc8 26.Qb2 Ne8 27.Bxg7 Nxg7 28.f4 Rc7 29.Qd4 Rc2 30.Kf2 b5
31.Bf1 Rc4 32.Qe5 Qb7 33.Bg2 Qb6+ 34.e3 Rc2+ 35.Kf1 Qc6 36.Qd5 Qc3 37.e5 Be6
38.Qd1 Qb2 39.Qf3 Bg4 40.Qe4 Bd7  0-1

[Event "Vojvodina Quality League"]
[Site "Pancevo SCG"]
[Date "2005.10.09"]
[Round "9"]
[White "Ubiparip,Z"]
[Black "Jovic,Ste"]
[Result "1/2-1/2"]
[WhiteElo "2146"]
[BlackElo "2109"]

1.Nf3 d5 2.c4 c6 3.d4 Nf6 4.Nc3 dxc4 5.a4 Bf5 6.e3 e6 7.Bxc4 Bb4 8.O-O O-O
9.Qe2 Bg4 10.h3 Bh5 11.Rd1 Qc7 12.e4 Nbd7 13.Bg5 Qa5 14.Bf4 g5 15.Bd2 g4
16.hxg4 Bxg4 17.e5 Nd5 18.Bd3 f5 19.Nxd5 cxd5 20.Bb5 Rf7 21.Bg5 Nf8 22.Qe3 a6
23.Be2  1/2-1/2

[Event "5th ch-Asian"]
[Site "Hyderabad IND"]
[Date "2005.10.12"]
[Round "6"]
[White "Harika,D"]
[Black "Barua,D"]
[Result "0-1"]
[WhiteElo "2392"]
[BlackElo "2475"]

1.Nf3 d5 2.c4 d4 3.g3 g6 4.Bg2 Bg7 5.d3 a5 6.O-O e5 7.e3 dxe3 8.fxe3 Nc6
9.Nc3 Nge7 10.e4 Nd4 11.Nxd4 Qxd4+ 12.Kh1 O-O 13.Qe2 Qd6 14.Be3 Nc6 15.Nb5 Qd8
16.Rad1 Be6 17.Bc5 Re8 18.Qf2 Qd7 19.Nc3 Nd4 20.Nd5 Bg4 21.Rd2 Ra6 22.Bxd4 exd4
23.Bf3 h5 24.Bxg4 hxg4 25.Qf4 Re5 26.Rdf2 f5 27.exf5 Rxf5 28.Qxg4 Rxd5 29.Qe4 Re5
30.Qxb7 Qc6+ 31.Qxc6 Rxc6 32.Rf7 Re2 33.Rd7 Rxb2 34.Rff7 Bf8 35.Rf1 Bg7 36.Rff7 Bf6
37.Kg1 Rxa2 38.g4  0-1

[Event "Goodbye Summer Open"]
[Site "Omis CRO"]
[Date "2005.10.12"]
[Round "4"]
[White "Babic,Dras"]
[Black "Martinovic,Sa"]
[Result "1-0"]
[WhiteElo "2316"]
[BlackElo "2182"]

1.Nf3 d5 2.c4 dxc4 3.Na3 Nf6 4.Nxc4 g6 5.b3 Bg7 6.Bb2 O-O 7.g3 b6 8.Bg2 Bb7
9.O-O c5 10.Rc1 Nbd7 11.d4 Rc8 12.Qd3 Bh6 13.e3 b5 14.Nce5 Nxe5 15.Nxe5 Bxg2
16.Kxg2 Qd5+ 17.Kg1 cxd4 18.Qxd4 Qb7 19.Rxc8 Rxc8 20.Rd1 Bg7 21.Qf4 Qe4 22.Ba3 Qxf4
23.gxf4 e6 24.Nc6 Rxc6 25.Rd8+ Bf8 26.Bxf8 h5 27.Bc5+ Kg7 28.Bxa7 Nd5 29.Bd4+ f6
30.Rd7+ Kh6 31.h4 Ra6 32.e4 Nxf4 33.Bxf6  1-0

[Event "5th ch-Asian"]
[Site "Hyderabad IND"]
[Date "2005.10.14"]
[Round "8"]
[White "Harika,D"]
[Black "Babu,NS"]
[Result "1/2-1/2"]
[WhiteElo "2392"]
[BlackElo "2298"]

1.Nf3 d5 2.c4 e6 3.g3 Nf6 4.Bg2 Be7 5.O-O O-O 6.b3 b6 7.Bb2 Bb7 8.e3 c5 9.Nc3 Nbd7
10.Qe2 Ne4 11.Rac1 Rc8 12.Rfd1 Nxc3 13.Bxc3 Qc7 14.d3 Bf6 15.Qb2 Bxc3 16.Qxc3 Qb8
17.Qb2 Qa8 18.Ne5 Nxe5 19.Qxe5 Rfd8 20.d4 dxc4 21.Bxb7 Qxb7 22.bxc4 cxd4
23.exd4 h6 24.Qe2 Rc6 25.Rc2 Rcd6 26.Rcd2 Qc6 27.h4 Rc8 28.Rc2 Rcd8 29.Rcd2 Rc8
30.Rc2 Rcd8  1/2-1/2

[Event "TCh-CZE Extraliga 2005-6"]
[Site "Czech Rep CZE"]
[Date "2005.10.15"]
[Round "?"]
[White "Cvek,R"]
[Black "Szoen,D"]
[Result "0-1"]
[WhiteElo "2483"]
[BlackElo "2450"]

1.Nf3 d5 2.c4 c6 3.e3 Nf6 4.Nc3 e6 5.Qc2 Nbd7 6.b3 Bd6 7.Bb2 O-O 8.Be2 Qe7
9.Rg1 Ba3 10.g4 Bxb2 11.Qxb2 a6 12.g5 Ne8 13.cxd5 exd5 14.d4 Nd6 15.Bd3 b5
16.Qc2 g6 17.Ne2 Bb7 18.Qb2 Ne4 19.Bxe4 dxe4 20.Nd2 c5 21.Rd1 Rad8 22.Rg3 f6
23.h4 fxg5 24.hxg5 cxd4 25.Nxd4 Ne5 26.Nb1 Nd3+ 27.Rxd3 exd3 28.Nd2 Rc8 29.Kf1 Qe5
30.f4 Rc2 31.Qa3 Rxf4+ 32.exf4 Qxd4  0-1

[Event "Chigorin Mem"]
[Site "St Petersburg RUS"]
[Date "2005.10.15"]
[Round "1"]
[White "Kirpichenkov,S"]
[Black "Kashtanov,R"]
[Result "0-1"]
[WhiteElo "2037"]
[BlackElo "2353"]

1.Nf3 d5 2.c4 e6 3.d4 Nf6 4.Nc3 Bb4 5.a3 Bxc3+ 6.bxc3 Ne4 7.Qb3 c5 8.Nd2 Nxd2
9.Bxd2 O-O 10.g3 Nc6 11.cxd5 Na5 12.Qa2 exd5 13.dxc5 Nc4 14.Bg2 Re8 15.e3 Bf5
16.O-O Rc8 17.Bc1 Rxc5 18.Rd1 Qa5 19.a4 Qxc3 20.Ba3 Qxa3 21.Qxa3 Nxa3 22.Rxa3 Rec8
23.h4 Rc1 24.Ra1 Rxa1 25.Rxa1 Be4 26.Rd1 Bxg2 27.Kxg2 Rc5 28.e4 Kf8 29.exd5 Ke7
30.d6+ Kd7 31.Rd4 Rf5 32.g4 Rf6 33.Rb4 b6 34.a5 Rxd6 35.axb6 axb6 36.Kf3 Kc6
37.Ke3 Kc5 38.Rb1 b5 39.Rc1+ Kb6 40.f4 Rd5 41.Ke4 Rc5 42.Ra1 h5 43.g5 g6
44.Kd4 Rc4+ 45.Ke5 b4 46.Ra8 Kb5 47.Ra7 Rc5+ 48.Kd4 Rf5 49.Ke3 Kc4 50.Rc7+ Kb3
51.Rc8 Ka2 52.Rc4 b3 53.Ra4+ Kb1 54.Kd2 b2 55.Rb4 Ka2 56.Kc3 Rc5+ 57.Kd4 Ra5  0-1

[Event "Chigorin Mem"]
[Site "St Petersburg RUS"]
[Date "2005.10.20"]
[Round "6"]
[White "Rumiantsev,An"]
[Black "Elfert,A"]
[Result "1-0"]
[WhiteElo "2244"]
[BlackElo "2125"]

1.Nf3 d5 2.c4 Nf6 3.g3 Nc6 4.b3 d4 5.d3 e5 6.Bg2 Bc5 7.O-O O-O 8.Nbd2 h6
9.Ne4 Nxe4 10.dxe4 Bg4 11.Ne1 a5 12.Nd3 Qe7 13.f4 f5 14.h3 Bh5 15.exf5 e4
16.Nxc5 Qxc5 17.g4 Rae8 18.gxh5 Rxf5 19.Kh2 e3 20.Bb2 Rd8 21.Qd3 Rff8 22.Bd5+ Kh8
23.Rad1 Rxd5 24.cxd5 Qxd5 25.Bxd4 Nxd4 26.Qxd4 Qxh5 27.Qxe3 Re8 28.Qf3 Rxe2+
29.Kh1 Qe8 30.Rd8  1-0

[Event "Essent Open"]
[Site "Hoogeveen NED"]
[Date "2005.10.21"]
[Round "1"]
[White "Brodsky,M"]
[Black "Schuurman,P"]
[Result "1-0"]
[WhiteElo "2564"]
[BlackElo "2279"]

1.Nf3 d5 2.c4 c6 3.d4 Nf6 4.Nc3 g6 5.Bf4 Bg7 6.e3 O-O 7.Bd3 Bg4 8.h3 Bxf3
9.Qxf3 Qb6 10.Qe2 Nbd7 11.O-O dxc4 12.Bxc4 Rfe8 13.Bg5 e5 14.d5 cxd5 15.Bxd5 Rac8
16.e4 Nc5 17.Be3 Nxd5 18.Nxd5 Qd8 19.Bxc5 Rxc5 20.Rac1 Rc6 21.Rc4 Qd6 22.Rd1 Qe6
23.Rxc6 Qxc6 24.Rd3 Qc1+ 25.Kh2 Qg5 26.Rc3 Bf8 27.Rc7 b6 28.Qf3 f5 29.g3 Re6
30.Qb3 Kh8 31.Rc8 Kg7 32.Nc7  1-0

[Event "5th Rohde Open"]
[Site "Sautron FRA"]
[Date "2005.10.22"]
[Round "1"]
[White "Ivanov,Jo"]
[Black "Adam,Et"]
[Result "0-1"]
[WhiteElo "2359"]
[BlackElo "2044"]

1.Nf3 d5 2.c4 c6 3.e3 Nf6 4.Nc3 a6 5.d4 b5 6.cxd5 cxd5 7.Ne5 e6 8.Bd3 Bb7
9.O-O Bd6 10.Bd2 Nbd7 11.f4 O-O 12.Qf3 b4 13.Ne2 Ne4 14.Be1 f5 15.g4 Nb6
16.Qh3 Qe8 17.Ng3 g6 18.Qh6 Rc8 19.b3 Kh8 20.h3 Rg8 21.Nxe4 dxe4 22.Bh4 Nd5
23.Bc4 Bf8 24.Bxd5 Bxh6 25.Bxb7 Rc3 26.Rac1 Rf8 27.Bc6 Qc8 28.Be7 Re8 29.Bxb4 Rxc1
30.Rxc1 Qc7 31.Bd6 Qa5 32.Nc4 Qxa2 33.Bxe8 fxg4 34.hxg4 Qe2 35.g5 Bg7 36.Bf7 h5
37.Bxg6 Qf3 38.Rc3 Bxd4 39.Be5+ Bxe5 40.Nxe5 Qd1+ 41.Kf2 Qd2+ 42.Kg3 Qxc3
43.Bxe4 Qxe3+ 44.Bf3 Qxb3 45.Kh4 a5 46.Kxh5 Kg7  0-1

[Event "zt 3.3"]
[Site "Beijing CHN"]
[Date "2005.10.23"]
[Round "5"]
[White "Bu Xiangzhi"]
[Black "Wang Hao"]
[Result "1/2-1/2"]
[WhiteElo "2637"]
[BlackElo "2519"]

1.Nf3 d5 2.c4 dxc4 3.e3 Nf6 4.Bxc4 e6 5.d4 c5 6.Qe2 a6 7.dxc5 Bxc5 8.O-O O-O
9.e4 b5 10.Bd3 Be7 11.Nbd2 Bb7 12.a4 bxa4 13.Rxa4 Nfd7 14.e5 Nc5 15.Rd4 Bd5
16.Bb1 Nc6 17.Rg4 Rb8 18.Qe3 g6 19.Rg3 Re8 20.h4 Bxf3 21.Nxf3 Rb3 22.Qe2 Nd4
23.Nxd4 Qxd4 24.Rg4 Qd7 25.Bc2 Qb5 26.Qd2 Rd8 27.Qh6 Rb4 28.Bxg6 fxg6 29.Rxg6+ hxg6
30.Qxg6+ Kh8 31.Qh5+ Kg8 32.Qg6+  1/2-1/2

[Event "II Open"]
[Site "Calvia ESP"]
[Date "2005.10.23"]
[Round "4"]
[White "Barcelo,P"]
[Black "Campos Moreno,J"]
[Result "1/2-1/2"]
[WhiteElo "2247"]
[BlackElo "2470"]

1.Nf3 d5 2.c4 d4 3.e3 Nc6 4.exd4 Nxd4 5.Nxd4 Qxd4 6.d3 e5 7.Nc3 Ne7 8.Be3 Qd8
9.d4 exd4 10.Qxd4 Qxd4 11.Bxd4 Nc6 12.Be3 Bb4 13.Rc1 Bf5 14.Be2 O-O-O 15.O-O Nd4
16.Bxd4 Rxd4 17.Nd5 Re8 18.Rcd1 Bd2 19.Ne3 Bg6 20.Bg4+ Kb8 21.Bf5 Bxe3 22.Bxg6 Rxd1
23.Rxd1 Bxf2+ 24.Kxf2 hxg6 25.Rd7 Rf8 26.c5 Kc8 27.c6 bxc6 28.Re7 Kd8 29.Re4 Kd7
30.Ra4 Rb8 31.b3 c5 32.Rxa7 c4 33.bxc4 Rb4 34.c5 Rc4 35.Ra5 Kc6 36.Ke2 g5
37.Kd3 Rc1 38.Ke4 Rc2 39.Kf3 Rxc5 40.Rxc5+ Kxc5 41.Ke4 g4 42.Kf4 Kb4 43.Kxg4 Ka3
44.Kf4 Kxa2 45.Ke4 Kb3 46.Kd5 Kc3 47.Kc6 Kd4 48.Kxc7 Ke3 49.Kd6 Kf2 50.Ke7 f5
51.Ke6 f4 52.Kf5 Kxg2 53.Kxf4  1/2-1/2

[Event "5th Rohde Open"]
[Site "Sautron FRA"]
[Date "2005.10.23"]
[Round "2"]
[White "Koziak,V"]
[Black "Bannink,B"]
[Result "1/2-1/2"]
[WhiteElo "2480"]
[BlackElo "2306"]

1.Nf3 d5 2.c4 c6 3.e3 Nf6 4.Nc3 g6 5.d4 Bg7 6.Bd3 O-O 7.O-O Bf5 8.Bxf5 gxf5
9.cxd5 cxd5 10.Qb3 b6 11.Bd2 Nc6 12.Rfc1 Qd7 13.Ne2 e6 14.Nf4 Rfc8 15.Nd3 Ne4
16.Be1 Rc7 17.Rc2 Rac8 18.Rac1 Na5 19.Bxa5 Rxc2 20.Rxc2 Rxc2 21.Qxc2 bxa5
22.Nfe5 Qd8 23.Qc6 Bxe5 24.Nxe5 Nd6 25.g3 Kg7 26.Nd7 Ne4 27.Kg2 Nf6 28.Ne5 Ng4
29.Qd7 Qf6 30.Nf3 f4 31.exf4 Qf5 32.h3 Nxf2 33.Kxf2 Qc2+ 34.Ke3 Qe4+  1/2-1/2

[Event "5th Rohde Open"]
[Site "Sautron FRA"]
[Date "2005.10.25"]
[Round "4"]
[White "Lesbros,B"]
[Black "Vernay,C"]
[Result "0-1"]
[WhiteElo "2043"]
[BlackElo "2275"]

1.Nf3 d5 2.c4 d4 3.e3 Nc6 4.exd4 Nxd4 5.Nxd4 Qxd4 6.Be2 Nf6 7.Nc3 Ng4 8.O-O h5
9.Nb5 Qd7 10.d4 c6 11.Nc3 Qc7 12.g3 Bf5 13.Bf4 Qd7 14.d5 e5 15.dxc6 Qxd1
16.Raxd1 exf4 17.Nb5 f6 18.Nc7+ Kf7 19.Nxa8 bxc6 20.Rd8 fxg3 21.hxg3 h4 22.Bxg4 Bxg4
23.Rd4 f5 24.gxh4 Bc5 25.Rd7+ Ke6 26.Rxg7 Rxa8 27.Kg2 Bd4 28.Rg6+ Bf6 29.f3 Bh5
30.Rh6 Be8 31.Re1+ Kf7 32.Rh7+ Kg8 33.Rb7 Bf7 34.b3 c5 35.Kh3 a5 36.a4 Rd8
37.Kg3 Rd4 38.Rh1 Bh5 39.Rh3 f4+ 40.Kf2 Rd2+ 41.Kf1 Bd4 42.Rd7 Rf2+ 43.Ke1 Rxf3
44.Rxf3 Bxf3 45.Ra7 Be4 46.Re7 Bc2 47.Ke2 Bxb3 48.Kd3 f3 49.Re4 f2 50.Rf4 Bxa4
51.Ke2 Bb3  0-1

[Event "SCG First League m"]
[Site "Vrnjacka Banja SCG"]
[Date "2005.10.25"]
[Round "9"]
[White "Savanovic,A"]
[Black "Miljkovic,Mir1"]
[Result "1-0"]
[WhiteElo "2422"]
[BlackElo "2411"]

1.Nf3 d5 2.c4 c6 3.b3 Bg4 4.Bb2 Bxf3 5.exf3 d4 6.f4 g6 7.g3 Bg7 8.Bg2 Nh6
9.O-O O-O 10.d3 a5 11.a3 Na6 12.Nd2 Nc5 13.Ne4 Nxe4 14.Bxe4 Nf5 15.Bc1 Qb6
16.Qc2 e6 17.Rb1 Rfd8 18.Bd2 Bf8 19.b4 axb4 20.axb4 Ra3 21.b5 Qa7 22.bxc6 bxc6
23.Bxc6 Ne3 24.fxe3 dxe3 25.Be1 e2+ 26.Rf2 Bc5 27.Qxe2 Raxd3 28.Kf1 Qa6 29.Be4 Re3
30.Qc2 Rd4 31.Bb7 Qd6 32.Rb3 Rxb3 33.Qxb3 Rd1 34.Bf3 Ra1 35.Ra2 Rxa2 36.Qxa2 h5
37.Kg2 h4 38.Qd2 Qc7 39.Qa5 Qd6 40.Qa8+ Kh7 41.Bc3 Bd4 42.Bxd4 Qxd4 43.Qe4 Qd2+
44.Be2 hxg3 45.hxg3 Qc3  1-0

[Event "Open A"]
[Site "Liberec CZE"]
[Date "2005.10.29"]
[Round "9"]
[White "Brauer,C"]
[Black "Kopal,J"]
[Result "1-0"]
[WhiteElo "2151"]
[BlackElo "2308"]

1.Nf3 d5 2.c4 c6 3.g3 Nf6 4.b3 g6 5.Bb2 Bg7 6.Bg2 Bf5 7.O-O O-O 8.d3 Qc8
9.Re1 h6 10.Nbd2 Bh3 11.Bh1 Nbd7 12.Qc2 Re8 13.e4 e6 14.Nf1 dxe4 15.dxe4 e5
16.Rad1 Qc7 17.Bg2 Bxg2 18.Kxg2 a5 19.a3 Nc5 20.b4 axb4 21.axb4 Ncd7 22.Ne3 Bf8
23.Bc3 Ra3 24.Ra1 Rea8 25.Rxa3 Rxa3 26.Qb2 Ra8 27.Nxe5 Nxe4 28.N3g4 f5 29.Rxe4 fxe4
30.Nxg6 h5 31.c5 Kh7 32.Nf4 Qd8 33.Qc2  1-0

[Event "9th Bavarian Open"]
[Site "Bad Wiessee GER"]
[Date "2005.10.30"]
[Round "2"]
[White "Miroshnichenko,E"]
[Black "Gesing,O"]
[Result "1-0"]
[WhiteElo "2634"]
[BlackElo "2189"]

1.Nf3 d5 2.c4 c6 3.d4 Nf6 4.Qc2 g6 5.Bf4 Bf5 6.Qb3 Qb6 7.e3 Na6 8.Nc3 Nb4
9.c5 Qa5 10.Rc1 Bg7 11.a3 Nd3+ 12.Bxd3 Bxd3 13.Qxb7 O-O 14.Qxc6 Rfc8 15.Qa4 Qxa4
16.Nxa4 Nh5 17.Be5 f6 18.Bg3 Nxg3 19.hxg3 e5 20.Kd2 Bc4 21.b4 Rab8 22.g4 Rc6
23.Nb2 Ba6 24.Kc3 Bc8 25.Nh2 a5 26.Nd3 Ra6 27.Ra1 Bd7 28.Rhb1 axb4+ 29.axb4 exd4+
30.exd4 Re6 31.Re1 Re4 32.Rxe4 dxe4 33.Nf4 f5 34.gxf5 gxf5 35.Nf1 Rd8 36.Ra7 Bc8
37.Rxg7+ Kxg7 38.b5 Kf6 39.Ne3  1-0

[Event "9th Bavarian Open"]
[Site "Bad Wiessee GER"]
[Date "2005.11.01"]
[Round "4"]
[White "Miroshnichenko,E"]
[Black "Meinhardt,Ma"]
[Result "1-0"]
[WhiteElo "2634"]
[BlackElo "2372"]

1.Nf3 d5 2.c4 e6 3.g3 c5 4.Bg2 Nf6 5.O-O Be7 6.d4 O-O 7.dxc5 Bxc5 8.a3 dxc4
9.Qc2 Nc6 10.Qxc4 Bb6 11.Nc3 Bd7 12.Qh4 h6 13.g4 Ne7 14.Ne5 Bc7 15.Nxd7 Qxd7
16.Rd1 Qc8 17.g5 hxg5 18.Bxg5 Be5 19.Rac1 Qb8 20.Bxf6 Bxf6 21.Qh5 g6 22.Qb5 Kg7
23.Rd7 Nf5 24.e3 b6 25.Qd3 Rh8 26.h3 Rh5 27.Ne4 Be5 28.f4 Nxe3 29.fxe5 Nxg2
30.Rcc7 Nf4 31.Rxf7+  1-0

[Event "25th An FMA"]
[Site "Madrid ESP"]
[Date "2005.11.01"]
[Round "5"]
[White "Minzer,C"]
[Black "Roa Alonso,S"]
[Result "1/2-1/2"]
[WhiteElo "2438"]
[BlackElo "2364"]

1.Nf3 d5 2.c4 dxc4 3.e3 c5 4.Bxc4 Nf6 5.O-O e6 6.d4 Nc6 7.Nc3 cxd4 8.exd4 Be7
9.a3 O-O 10.Qd3 Nd5 11.Ne4 Bf6 12.Bb3 b6 13.Bc2 a5 14.Rd1  1/2-1/2

[Event "Autumn Open"]
[Site "St Petersburg RUS"]
[Date "2005.11.02"]
[Round "5"]
[White "Turikov,V"]
[Black "Vunder,A"]
[Result "1-0"]
[WhiteElo "2353"]
[BlackElo "2252"]

1.Nf3 d5 2.c4 e6 3.e3 Nf6 4.Nc3 Be7 5.d4 O-O 6.Be2 c5 7.O-O cxd4 8.exd4 dxc4
9.Bxc4 Nc6 10.a3 b6 11.d5 Na5 12.Ba2 exd5 13.Nxd5 Nxd5 14.Bxd5 Bb7 15.Bxb7 Nxb7
16.Be3 Qxd1 17.Rfxd1 Rfd8 18.Kf1 Na5 19.Rxd8+ Rxd8 20.Rc1 Bd6 21.b4 Nb7 22.Nd4 a5
23.Nc6 Ra8 24.Bxb6 axb4 25.axb4 Kf8 26.b5 Ke8 27.g3 Kd7 28.Rd1 f6 29.Be3 Ra2
30.Nd4 g6 31.Nb3 Ke7 32.b6 Rb2 33.Ra1 Rxb3 34.Ra7 Ke6 35.Rxb7 h5 36.Ke2 Be5
37.Rg7 Kf5 38.Kd2 Ke4 39.Rd7 g5 40.Rc7 Rb2+ 41.Rc2 Rxc2+ 42.Kxc2 h4 43.gxh4 gxh4
44.h3 Kf3 45.b7 Bb8 46.Kd2 Kg2 47.Ke2 f5 48.Bg5 Kxh3 49.Kf3 f4 50.Bxf4 Ba7
51.Ke2  1-0